Neutron Stars (Record no. 17297)
[ view plain ]
| 000 -LEADER | |
|---|---|
| fixed length control field | 00818nam a2200205Ia 4500 |
| 003 - CONTROL NUMBER IDENTIFIER | |
| control field | IN-BaIIA |
| 008 - FIXED-LENGTH DATA ELEMENTS--GENERAL INFORMATION | |
| fixed length control field | 211028s9999 xx 000 0 eng d |
| 020 ## - INTERNATIONAL STANDARD BOOK NUMBER | |
| International Standard Book Number | 0-7923-1397-6 |
| 040 ## - CATALOGING SOURCE | |
| Transcribing agency | IIA Library |
| 080 ## - UNIVERSAL DECIMAL CLASSIFICATION NUMBER | |
| Universal Decimal Classification number | 524.337(082.2) |
| Item number | NEU |
| 111 ## - MAIN ENTRY--MEETING NAME | |
| Meeting name or jurisdiction name as entry element | NATO Advanced Study institutes on Neutron Stars, theory and Observation |
| Location of meeting | Crete |
| Date of meeting or treaty signing | 1990 Sep. 3-14 |
| 9 (RLIN) | 32620 |
| 245 #0 - TITLE STATEMENT | |
| Title | Neutron Stars |
| Remainder of title | proceedings of the NATO Advanced Study Institutes on neutron Stars, theory and observation, held in Crete, Greece, Sept.ember 3-14, 1990 |
| Statement of responsibility, etc. | edited by Joseph Ventura and David Pines. |
| 260 ## - PUBLICATION, DISTRIBUTION, ETC. | |
| Place of publication, distribution, etc. | Dordrecht |
| Name of publisher, distributor, etc. | Kluwer Academic |
| Date of publication, distribution, etc. | 1991 |
| 300 ## - PHYSICAL DESCRIPTION | |
| Extent | [various pagings.] |
| 650 ## - SUBJECT ADDED ENTRY--TOPICAL TERM | |
| Topical term or geographic name entry element | Neutron Stars |
| 9 (RLIN) | 7729 |
| 650 ## - SUBJECT ADDED ENTRY--TOPICAL TERM | |
| Topical term or geographic name entry element | X- ray eMissions |
| 9 (RLIN) | 32621 |
| 700 ## - ADDED ENTRY--PERSONAL NAME | |
| Personal name | Pines, David., ed. |
| 9 (RLIN) | 17662 |
| 700 ## - ADDED ENTRY--PERSONAL NAME | |
| Personal name | Ventura, Joseph., ed. |
| 9 (RLIN) | 17663 |
| 942 ## - ADDED ENTRY ELEMENTS (KOHA) | |
| Koha item type | Books |
| Withdrawn status | Lost status | Damaged status | Not for loan | Home library | Current library | Shelving location | Date acquired | Cost, normal purchase price | Total Checkouts | Full call number | Barcode | Date last seen | Cost, replacement price | Price effective from | Koha item type | Purchase Price |
|---|---|---|---|---|---|---|---|---|---|---|---|---|---|---|---|---|
| IIA Library-Bangalore | IIA Library-Bangalore | General Stacks | 26/05/2009 | 70.00 | 524.337(082.2)/ NEU | 18219 | 05/11/2021 | 70.00 | 26/05/2009 | Books | Rs. 70.00 |